Plan estratǧico de relaciones pb︢licas

Bibliographic Details
Main Author: Salla Garca̕, Javier
Other Authors: Ortega Soriano, Jorge
Format: Unknown
Language:Spanish
Published: Barcelona : Bosch Editor, 2008
Subjects:
Online Access:Acceso restringido

MARC

LEADER 00000ny a22000003n 4500
005 2011061509109.0
008 200907r2008 sp |||||s|||||||||||spa d
020 |a 9788476988183 
035 |a 3368 
040 |a CaPaEBR  |d vLex 
080 |a 659.4 
090 |c 737  |d 737 
100 1 |a Salla Garca̕, Javier 
245 1 0 |a Plan estratǧico de relaciones pb︢licas  |h [Recurso electrn̤ico]  |c Javier Salla Garca̕, Jorge Ortega Soriano 
256 |a Servicio en ln̕ea 
260 |a Barcelona :  |b Bosch Editor,  |c 2008 
300 |a 193 p. ;  |c cm 
506 1 |a Contenido solo disponible en los productos indicados  |d vLex Global  |d vLex Global (Academic Edition, excluding Law Schools)  |d vLex Global (U.S. Academic Edition, Law Schools)  |d vLex Global (U.S. Academic Edition, excluding Law Schools)  |d vLex Global (Academic Edition, Law Schools) 
650 0 7 |a Direccin̤ de la empresa  |2 Tesauro vLex 
650 0 7 |a Planificacin̤ empresarial  |2 Tesauro vLex 
650 0 7 |a Estrategia empresarial  |2 Tesauro vLex 
700 1 |a Ortega Soriano, Jorge 
740 0 |a vLex Libros (Servicios en ln̕ea) 
856 4 0 |u http://vlex.com/source/3368  |z Acceso restringido 
942 |c BOOK 
999 0 |a Industrial management  |b Barcelona